Phil Collins - Sudden Death - Statistics

General Stats
  • This quiz has been taken 99 times
  • The average score is 6 of 15
Answers on the Grid
Answers color-coded by a green-red scale on the quiz's grid according to % correct below.
A Groovy Kind of Love
Against All Odds (Take a Look at Me Now)
All Night Long (All Night)
Another Brick in the Wall (Part 2)
Both Sides Now
Dance into the Light
Do You Remember The First Time
Don't Lose My Number
Easy
Everyday
Hang in Long Enough
Hard To Say I'm Sorry
I Don't Care Anymore
I Missed Again
I Wish It Would Rain Down
If I Ever Lose My Faith In You
In the Air Tonight
It Don't Come Easy
Nikita
One More Time
The River of Dreams
Separate Lives
Something Happened on the Way to Heaven
Sussudio
Take Me I'm Yours
True Colors
Two Hearts Beat As One
Wherever I Lay My Hat (That's My Home)
You Can't Hurry Love
You're in My Heart
 
Answer Stats
Answer % Correct
Against All Odds (Take a Look at Me Now)
89%
In the Air Tonight
78%
A Groovy Kind of Love
70%
Sussudio
53%
You Can't Hurry Love
47%
I Wish It Would Rain Down
39%
Don't Lose My Number
38%
I Don't Care Anymore
36%
Something Happened on the Way to Heaven
31%
I Missed Again
30%
Separate Lives
28%
Hang in Long Enough
23%
Dance into the Light
22%
True Colors
22%
Everyday
19%
No matching quizzes found
Score Distribution
Percent of People with Each Score
Percentile by Number Answered
Your Score History
You have not taken this quiz